000 00554cas a22001694i 4500
999 _c50730
_d50730
001 768714001
003 CO-MdFUSB
005 20180402155456.0
008 180402s2002 cr ||||| |||| 00| 0 spa d
040 _aCO-MdFUSB
_bspa
_cCO-MdFUSB
_dCO-MdFUSB
041 _aspa
100 1 _aContreras Galeano, Serafín
_eautor
245 1 0 _aPensamiento :
_benfrentado la crisis
300 _aVolumen 5. Número 16 (2002), páginas 255
_c: 28 cm.
773 0 _tConquista Cristiana
_049446
_960263
_gVolumen 5. Número 16 (2002), páginas 255
_qpágina 255
942 _cANA